1960 1425 1372 1677 1384 1488 1653 1884 1476 1365 1869 1404 1118 1861 1561 1357 1870 1843 1920 1942 1872 1786 1237 1009 1641 1250 1297 1302 1444 1930 1100 1524 1068 1211 1888 1291 1583 1283 1747 1534 1667 1896 1438 1378 1360 1887 1595 1431 1779 1651 1795 1426 1019 1198 1001 1153 1516 1631 1247 1837 1318 1067 1134 1575 1140 1580 1168 1312 1715 1955 1242 1384 1157 1712 1024 1011 1271 1255 1577 1319 1056 1652 1905 1413 1475 1335 1476 1475 1735 1037 1736 1102 1127 1412 1187 1421 1631 1468 1036 BCNSPRNW ULIB Ver.6.0+V

เปลี่ยนเป็นภาษาไทย

Change to English
 แสดงรายละเอียดบรรณานุกรม
  กลับหน้าหลัก

Brief Record : Get Marc (ISO 2709) : E-mail record : QR code < ปิดหน้าต่าง
LEADER : 00000nam 2200000uu 4500
001    13399110817
003     ULIB
008    110609s2010||||th 000 0 eng d
024    9780763761349
060  4 WQ165^bD981p 2010
100 0  Lauren A Dutton
245 00 A pocket guide to clinical midwifery : the efficient midwife ^cby Lauren A Dutton, Jessica E Densmore and Meredith B Turner
260    Sudbury,MA:^bJones and Bartlett,^c2010
300    358 p:^bill.
650  4 Midwifery^xHandbook
700 0  Jessica E Densmore
700 0  Meredith B Turner Book
945    ^p1400^l0^i030135
995    Kesorn
999 ^a ใช้งานได้ทุกระบบ
รายการนี้ยังไม่มีแท็ก
คุณยังไม่ได้ล็อกอิน คุณสามารถมีกิจกรรมร่วมกับเว็บไซต์ได้ แต่ต้องล็อกอินก่อน ::
  ล็อกอิน

รายการสื่อสารสนเทศ

ลำดับที่ ประเภท เลขเรียก/บาร์โค้ด สถานที่ สถานะ
- ไม่พบข้อมูล -

BibComment


ยังไม่เคยถูกคอมเมนท์

คอมเมนท์ทรัพยากรรายการนี้
  คอมเมนท์: A pocket guide to..


 Copyright 2026. Bcnsprnw @Library